Memorias de una tertulia : (Registro nro. 13834)

Detalles MARC
000 -LIDER
fixed length control field 00918nam a2200265 a 4500
001 - NÚMERO DE CONTROL
Identificador de número de control
003 - IDENTIFICACDOR DE NÚMERO DE CONTROL
control field DO-SdBNP
005 - DATE AND TIME OF LATEST TRANSACTION
control field 20211104120510.0
008 - ELEMENTOS DE LONGITUD FIJA
fixed length control field 090917s2000 dr ac 000 0 spa d
040 ## - FUENTE DE CATALOGACIÓN
Agencia que crea de manera original el registro BPMSU
Idioma de catalogación spa
Agencia que realiza la transcripción BPMSU
082 ## - NÚMERO DE CLASIFICACIÓN DECIMAL DE DEWEY
Classification number 306.097293
Item number M533t 2002
Edition number 22
245 00 - MENCIÓN DE TITULO
Título Memorias de una tertulia :
Subtítulo homenaje a Juan Bosch /
Mención de responsabilidad presentación Verónica Sención ; coordinadores Tomás Castro Burdiez, José Enrique García.
260 ## - PUBLICACIÓN, DISTRIBUCIÓN, ETC. (PIE DE IMPRENTA)
Lugar de publicación, distribución, etc Santo Domingo :
Nombre del editor, distribuidor, etc. Corripio,
Fecha de publicación, distribución, etc 2000.
300 ## - DESCRIPCIÓN FÍSICA
Extensión xi, 261 p. :
Otros detalles físicos il., retrs. ;
Dimensiones 29 cm.
590 ## - NOTA LOCAL
Enlace Inventariado, 2021/VM
600 14 - ENCABEZAMIENTO DE MATERIA--NOMBRE PERSONAL
Nombre personal Bosch, Juan
Subdivisión geográfica 1909-2001
650 #4 - ENCABEZAMIENTO DE MATERIA--TEMÁTICO
Término temático o nombre geográfico como elemento de entrada Cultura
Subdivisión geográfica República Dominicana
650 #4 - ENCABEZAMIENTO DE MATERIA--TEMÁTICO
Término temático o nombre geográfico como elemento de entrada Literatura dominicana
651 #4 - ENCABEZAMIENTO DE MATERIA--NOMBRE GEOGRÁFICO
Nombre geográfico República Dominicana
Subdivisión temática general Vida intelectural
Subdivisión cronológica Siglo XX
700 1# - ASIENTO SECUNDARIO -- NOMBRE PERSONAL
Nombre personal Sención, Verónica
700 1# - ASIENTO SECUNDARIO -- NOMBRE PERSONAL
Nombre personal Castro Burdiez, Tomás
700 1# - ASIENTO SECUNDARIO -- NOMBRE PERSONAL
Nombre personal García, José Enrique
910 ## - VALIDACIÓN
Validación VMateo V.
942 ## - ADDED ENTRY ELEMENTS (KOHA)
Source of classification or shelving scheme Dewey Decimal Classification
Koha item type Libros
Existencias
Withdrawn status Lost status Source of classification or shelving scheme Damaged status Not for loan Collection code Home library Current library Date acquired Source of acquisition Total Checkouts Full call number Barcode Date last seen Copy number Price effective from Koha item type
    Dewey Decimal Classification     Colección Dominicana Biblioteca Pública Metropolitana Salomé Ureña Biblioteca Pública Metropolitana Salomé Ureña 11/04/2021 Fundación Juan Bosch   BPMSU CD 306.097293 M533t 2002 BPMSU21110026 11/04/2021 e.2 11/04/2021 Libros
    Dewey Decimal Classification     Colección Dominicana Biblioteca Pública Metropolitana Salomé Ureña Biblioteca Pública Metropolitana Salomé Ureña 11/04/2021 Fundación Juan Bosch   BPMSU CD 306.097293 M533t 2002 BPMSU21110027 11/04/2021 11/04/2021 Libros